000 00657nam a2200217Ia 4500
003 OSt
005 20220926044926.0
006 a|||||r|||| 00| 0
007 ta
008 220923b |||||||| |||| 00| 0 eng d
037 _cGeneral Book
040 _aRTL
_cRTL
_beng
041 _2eng
_aeng
082 _aX91:294.2.N6t4, K7/GD
110 _aIndia, Industrial Development and Company Affairs (M/0)
_9349557
245 0 _aStudy of Industrial Estates
300 _a114 p
_ccm.
700 _aIndia, Industrial Development and Company Affairs (M/0)
_9349558
942 _hX91:294.2.N6t4, K7/GD
_cGB
_2CC
999 _c676171
_d676171